<?xml version="1.0" encoding="UTF-8"?>
<record
    xmlns:xsi="http://www.w3.org/2001/XMLSchema-instance"
    xsi:schemaLocation="http://www.loc.gov/MARC21/slim http://www.loc.gov/standards/marcxml/schema/MARC21slim.xsd"
    xmlns="http://www.loc.gov/MARC21/slim">

  <leader>00904nam a22001577a 4500</leader>
  <controlfield tag="003">LRUA</controlfield>
  <controlfield tag="005">20240808150437.0</controlfield>
  <controlfield tag="008">240808b        xxu||||| |||| 00| 0 eng d</controlfield>
  <datafield tag="040" ind1=" " ind2=" ">
    <subfield code="c">rua</subfield>
  </datafield>
  <datafield tag="082" ind1=" " ind2=" ">
    <subfield code="2">AGR PUT 2020 B1-490 Or. </subfield>
  </datafield>
  <datafield tag="100" ind1=" " ind2=" ">
    <subfield code="9">17197</subfield>
    <subfield code="a">PUTH SILOTH &#x1796;&#x17BB;&#x178F; &#x179F;&#x17CA;&#x17B8;&#x17A1;&#x17BC;&#x178F; </subfield>
  </datafield>
  <datafield tag="245" ind1=" " ind2=" ">
    <subfield code="a">NITROGEN AND IRRIGATION APPLICATION ON TOMATO (Solanum lycopersicum var. Neang Tom) PRODUCTION UNDER HIGH TUNNEL CONDITION IN SANDY LOAM &#x1780;&#x17B6;&#x179A;&#x1782;&#x17D2;&#x179A;&#x1794;&#x17CB;&#x1782;&#x17D2;&#x179A;&#x1784;&#x17CB;&#x17A2;&#x17B6;&#x179F;&#x17BC;&#x178F; &#x1793;&#x17B7;&#x1784;&#x1780;&#x17B6;&#x179A;&#x179F;&#x17D2;&#x179A;&#x17C4;&#x1785;&#x179F;&#x17D2;&#x179A;&#x1796;&#x179B;&#x17BE;&#x1795;&#x179B;&#x17B7;&#x178F;&#x1780;&#x1798;&#x17D2;&#x1798;&#x178A;&#x17C6;&#x178E;&#x17B6;&#x17C6;&#x17C6;&#x1794;&#x17C9;&#x17C1;&#x1784;&#x1794;&#x17C4;&#x17C7;&#x1796;&#x17BC;&#x1787;&#x1793;&#x17B6;&#x1784;&#x178F;&#x17C6; (Solamum lycopersicum var. Neang Tom) &#x1780;&#x17D2;&#x1793;&#x17BB;&#x1784;&#x179B;&#x1780;&#x17D2;&#x1781;&#x1781;&#x178E;&#x17D2;&#x1792;&#x1795;&#x17D2;&#x1791;&#x17C7;&#x179F;&#x17C6;&#x178E;&#x17B6;&#x1789;&#x17CB;&#x1780;&#x17D2;&#x1793;&#x17BB;&#x1784;&#x179C;&#x17B6;&#x1799;&#x1793;&#x1797;&#x17B6;&#x1796;&#x178A;&#x17B8;&#x179B;&#x17D2;&#x1794;&#x17B6;&#x1799;&#x1781;&#x17D2;&#x179F;&#x17B6;&#x1785;&#x17CB;</subfield>
  </datafield>
  <datafield tag="260" ind1=" " ind2=" ">
    <subfield code="a">phnom penh</subfield>
    <subfield code="b">rua</subfield>
    <subfield code="c">2020</subfield>
  </datafield>
  <datafield tag="300" ind1=" " ind2=" ">
    <subfield code="a">VII.</subfield>
    <subfield code="b">V.</subfield>
    <subfield code="c">29CM</subfield>
  </datafield>
  <datafield tag="942" ind1=" " ind2=" ">
    <subfield code="2">ddc</subfield>
    <subfield code="c">AGR</subfield>
  </datafield>
  <datafield tag="999" ind1=" " ind2=" ">
    <subfield code="c">23515</subfield>
    <subfield code="d">23515</subfield>
  </datafield>
  <datafield tag="952" ind1=" " ind2=" ">
    <subfield code="0">0</subfield>
    <subfield code="1">0</subfield>
    <subfield code="2">ddc</subfield>
    <subfield code="4">0</subfield>
    <subfield code="6">AGR_PUT_2020_000000000000000_B1490_OR__1</subfield>
    <subfield code="7">0</subfield>
    <subfield code="9">100799</subfield>
    <subfield code="a">LBB</subfield>
    <subfield code="b">LBB</subfield>
    <subfield code="c">B1.490</subfield>
    <subfield code="d">2024-08-08</subfield>
    <subfield code="o">AGR PUT 2020 B1-490 Or. 1</subfield>
    <subfield code="p">a080066</subfield>
    <subfield code="r">2024-08-08</subfield>
    <subfield code="w">2024-08-08</subfield>
    <subfield code="y">AGR</subfield>
  </datafield>
  <datafield tag="952" ind1=" " ind2=" ">
    <subfield code="0">0</subfield>
    <subfield code="1">0</subfield>
    <subfield code="2">ddc</subfield>
    <subfield code="4">0</subfield>
    <subfield code="6">AGR_PUT_2020_000000000000000_B1490_OR__2</subfield>
    <subfield code="7">0</subfield>
    <subfield code="9">100800</subfield>
    <subfield code="a">LBB</subfield>
    <subfield code="b">LBB</subfield>
    <subfield code="c">B1.490</subfield>
    <subfield code="d">2024-08-08</subfield>
    <subfield code="o">AGR PUT 2020 B1-490 Or. 2</subfield>
    <subfield code="p">a080006</subfield>
    <subfield code="r">2024-08-08</subfield>
    <subfield code="w">2024-08-08</subfield>
    <subfield code="y">AGR</subfield>
  </datafield>
  <datafield tag="952" ind1=" " ind2=" ">
    <subfield code="0">0</subfield>
    <subfield code="1">0</subfield>
    <subfield code="2">ddc</subfield>
    <subfield code="4">0</subfield>
    <subfield code="6">AGR_PUT_2020_000000000000000_B1490_OR__3</subfield>
    <subfield code="7">0</subfield>
    <subfield code="9">100801</subfield>
    <subfield code="a">LBB</subfield>
    <subfield code="b">LBB</subfield>
    <subfield code="c">B1.490</subfield>
    <subfield code="d">2024-08-08</subfield>
    <subfield code="o">AGR PUT 2020 B1-490 Or. 3</subfield>
    <subfield code="p">a080070</subfield>
    <subfield code="r">2024-08-08</subfield>
    <subfield code="w">2024-08-08</subfield>
    <subfield code="y">AGR</subfield>
  </datafield>
  <datafield tag="952" ind1=" " ind2=" ">
    <subfield code="0">0</subfield>
    <subfield code="1">0</subfield>
    <subfield code="2">ddc</subfield>
    <subfield code="4">0</subfield>
    <subfield code="6">AGR_PUT_2020_000000000000000_B1490_OR__4</subfield>
    <subfield code="7">0</subfield>
    <subfield code="9">100802</subfield>
    <subfield code="a">LBB</subfield>
    <subfield code="b">LBB</subfield>
    <subfield code="c">B1.490</subfield>
    <subfield code="d">2024-08-08</subfield>
    <subfield code="o">AGR PUT 2020 B1-490 Or. 4</subfield>
    <subfield code="p">a080081</subfield>
    <subfield code="r">2024-08-08</subfield>
    <subfield code="w">2024-08-08</subfield>
    <subfield code="y">AGR</subfield>
  </datafield>
</record>
